El valor de la información prospectiva como elemento de control en las mediciones a valor razonable (Registro nro. 9308)

Detalles MARC
000 -LEADER
fixed length control field 00398 a2200109 4500
001 - CONTROL NUMBER
control field ART_8232
005 - DATE AND TIME OF LATEST TRANSACTION
control field 20260410161557.0
008 - FIXED-LENGTH DATA ELEMENTS--GENERAL INFORMATION
fixed length control field 260409a
100 1# - MAIN ENTRY--PERSONAL NAME
Personal name D´Onofrio, Paula Alejandra
245 10 - TITLE STATEMENT
Title El valor de la información prospectiva como elemento de control en las mediciones a valor razonable
773 0# - HOST ITEM ENTRY
Title Profesional & Empresaria
Related parts - Año XII, Nº 127 (abr. 2010)
Record control number REV70

No hay ítems disponibles.